Bratislava, tepláreň na Čulenovej ulici

Saved in:
Bibliographic Details
Main Author: Kubiš, Daniel, 1984- (Author)
Other Authors: Kráľová, Eva, 1951- (Thesis advisor)
Format: Manuscript Book
Language:Slovak
Published: Bratislava : STU v Bratislave FA, 2010
Subjects:
Online Access:VAIS
Tags: Add Tag
No Tags, Be the first to tag this record!

MARC

LEADER 00000ntm a22000003a 4500
001 stu217961
005 20220301104014.1
008 101201s2010----xo------------------slo-d
040 |a STU  |b slo 
041 0 |a slo 
044 |a xo 
100 1 |a Kubiš, Daniel,  |d 1984-  |4 aut  |u A  |T FAD Fakulta architektúry  |X 15352  |U A  |Y 50  |7 A000015352 
242 0 0 |a Object of former heating  |y eng 
245 1 |a Bratislava, tepláreň na Čulenovej ulici 
260 |a Bratislava :  |b STU v Bratislave FA,  |c 2010 
650 7 |a architektúra  |2 stusub 
650 7 |a architecture  |2 estusub 
650 7 |a heating  |2 estusub 
650 7 |a tepláreň  |2 stusub 
650 7 |a Bratislava  |2 stusub 
700 1 |a Kráľová, Eva,  |d 1951-  |4 ths  |u A3130  |U FAD Fakulta architektúry  |T FA Ústav dejín a teórie architektúry a obnovy pamiatok  |X 391  |U A3130  |Y 394  |7 A000000391 
856 4 |a info a plný text  |u http://is.stuba.sk/zp/portal_zp.pl?podrobnosti=62575  |3 VAIS  |u https://opac.crzp.sk/?fn=detailBiblioForm&sid=706B7159B114D32C9CB39E92A485